Phrases anglaises... avec l'accent français - Statistiques

Statistiques générales
  • Ce quiz a été pris 1 825 fois
  • Le résultat moyen est 10 sur 20
Statistiques - réponses
Prononciation "à la française" Phrase anglaise % Correct
Éloévribodi. {Hello} {everybody}.
98%
Aholdarillou? {How} {old} {are} {you}?
97%
Naïstoumitillou. {Nice} {to} {meet} {you}.
91%
Ouatssïourneïme? {What's} {your} {name}?
86%
Canaillesitire? {Can} {I} {sit} {here}?
73%
Avïouraidzissbouc? {Have} {you} {read} {this} {book}.
73%
Toudéizmaillebeurzdé. {Today} {is} {my} {birthday}.
68%
Douillouspicdjeurmeune? {Do} {you} {speak} {German}?
65%
Itizeuvérigoudcouize. {It} {is} {a} {very} {good} {quiz}.
64%
Zeuscaillizgreille. {The} {sky} {is} {grey}.
63%
Maillebrozeurlivzineteurki. {My} {brother} {lives} {in} {Turkey}.
47%
Chiazkeurliblondère. {She} {has} {curly} {blond} {hair}.
32%
Aïewoudlaïquetouvizitezissmiouzieume. {I} {would} {like} {to} {visit} {this} {museum}.
21%
Souideunizeubïoutifoulcaountri. {Sweden} {is} {a} {beautiful} {country}.
20%
Zizchouzaretoussemoleformi. {These} {shoes} {are} {too} {small} {for} {me}.
20%
Aïssinkmaillecatizeusaïcopasse. {I} {think} {my} {cat} {is} {a} {psychopath}.
18%
Coudïouchomizeuwétouzeusteillecheune? {Could} {you} {show} {me} {the} {way} {to} {the} {station}?
14%
Critizelargestegrikaïleunde. {Crete} {is} {the} {largest} {Greek} {island}.
14%
Reuchiabordeurznoroué. {Russia} {borders} {Norway}.
12%
Chifaillneulifaoundezeusolouchieune. {She} {finally} {found} {the} {solution}.
10%
Aucun quiz correspondant
Distribution des résultats
% des personnes avec chaque résultat
Percentile par nombre de réponses
Votre historique - résultats
Vous n’avez pas pris ce quiz